[Event "Schleswig Holstein-ch Seniors"]
[Site "Hanerau"]
[Date "2015.04.03"]
[Round "9"]
[White "Behrendt, Matthias"]
[Black "Uschner, Matthias"]
[Result "1/2-1/2"]
[WhiteElo "1498"]
[BlackElo "1455"]
[PlyCount "134"]
[EventDate "2015.03.28"]
[EventType "swiss"]
[EventRounds "9"]
[EventCountry "GER"]
[SourceTitle "EXT 2018"]
[Source "ChessBase"]
[SourceDate "2017.10.13"]
[SourceVersion "1"]
[SourceVersionDate "2017.10.13"]
[SourceQuality "1"]

1. e4 c5 2. Nc3 d6 3. g3 b6 4. Bg2 Bb7 5. d3 Nf6 6. f4 e6 7. Nf3 Nbd7 8. 0-0 Be7 9. h3 Qc7 10. Kh2 0-0 11. a4 a6 12. Ne2 e5 13. c3 d5 14. fxe5 Nxe5 15. Nxe5 Qxe5 16. Bf4 Qe6 17. e5 Nd7 18. d4 g5 19. Bd2 f6 20. dxc5 Nxc5 21. exf6 Bxf6 22. Nd4 Bxd4 23. cxd4 Rxf1 24. Bxf1 Ne4 25. Qe2 Rf8 26. Be1 Qf6 27. Bg2 Qxd4 28. Rc1 Qxa4 29. Rc7 Rf7 30. Rxf7 Kxf7 31. Qh5+ Kg7 32. Bc3+ d4 33. Bxe4 Bxe4 34. Qxg5+ Bg6 35. Qe5+ Kf7 36. Qd5+ Ke7 37. Qe5+ Kf7 38. Qf4+ Kg8 39. Qxd4 Qxd4 40. Bxd4 b5 41. Bc3 Kf7 42. Kg2 Ke6 43. Kf3 Kd5 44. b4 h5 45. Kf4 Ke6 46. Kg5 Be8 47. g4 hxg4 48. Kxg4 Kf7 49. Kg5 Bc6 50. Kf5 Bf3 51. h4 Bd1 52. Bf6 Bc2+ 53. Ke5 Bb3 54. Bg5 Bd1 55. Kd4 Ke6 56. Kc5 Ke5 57. Kb6 Kd5 58. Kxa6 Kc6 59. Be3 Bh5 60. Ka7 Bg4 61. Kb8 Bh5 62. Kc8 Be2 63. Bf4 Bg4+ 64. Kd8 Kd5 65. Ke7 Ke4 66. Bg5 Kf5 67. Bd2 Kg6 1/2-1/2

[Event "Schleswig Holstein-ch Seniors"]
[Site "Hanerau"]
[Date "2015.04.01"]
[Round "4"]
[White "Rickers, Bernhard"]
[Black "Behrendt, Matthias"]
[Result "1/2-1/2"]
[WhiteElo "1556"]
[BlackElo "1498"]
[PlyCount "45"]
[EventDate "2015.03.28"]
[EventType "swiss"]
[EventRounds "9"]
[EventCountry "GER"]
[SourceTitle "EXT 2018"]
[Source "ChessBase"]
[SourceDate "2017.10.13"]
[SourceVersion "1"]
[SourceVersionDate "2017.10.13"]
[SourceQuality "1"]

1. d4 e6 2. Nf3 b6 3. c3 Bb7 4. Nbd2 Nf6 5. e3 d5 6. Bd3 Nbd7 7. 0-0 c5 8. Re1 c4 9. Bc2 Ne4 10. Nxe4 dxe4 11. Nd2 Be7 12. Nxc4 0-0 13. Nd2 b5 14. Bb3 Bf6 15. Nf1 Qc7 16. d5 Nc5 17. dxe6 g6 18. Ng3 Rad8 19. Qc2 Nxb3 20. Qxb3 Bd5 21. Qc2 Bxe6 22. b3 Bd5 23. Bb2 1/2-1/2

[Event "Schleswig Holstein-ch Seniors"]
[Site "Hanerau"]
[Date "2015.04.01"]
[Round "6"]
[White "Wald, Rainer"]
[Black "Behrendt, Matthias"]
[Result "1-0"]
[WhiteElo "1756"]
[BlackElo "1498"]
[PlyCount "133"]
[EventDate "2015.03.28"]
[EventType "swiss"]
[EventRounds "9"]
[EventCountry "GER"]
[SourceTitle "EXT 2018"]
[Source "ChessBase"]
[SourceDate "2017.10.13"]
[SourceVersion "1"]
[SourceVersionDate "2017.10.13"]
[SourceQuality "1"]

1. d4 e6 2. c4 b6 3. Nc3 Bb4 4. Nf3 Bb7 5. Qc2 Nf6 6. Bg5 d6 7. e3 Nbd7 8. Nd2 Bxc3 9. Qxc3 c5 10. f3 0-0 11. Bd3 h6 12. Bf4 d5 13. 0-0 Nh5 14. Bd6 Re8 15. Nb3 dxc4 16. Bxc4 Rc8 17. dxc5 Nxc5 18. Bxc5 bxc5 19. Qe5 Bd5 20. Rfd1 Qg5 21. Qxg5 hxg5 22. Na5 Nf6 23. e4 Bxc4 24. Nxc4 Red8 25. Kf2 Ne8 26. g4 Nc7 27. Nd6 Rb8 28. b3 Na6 29. Rd2 Rb6 30. Rad1 Nb4 31. Nc4 Rxd2+ 32. Rxd2 Rb7 33. Ne5 f6 34. Rd8+ Kh7 35. Nd7 Nc6 36. Nf8+ Kg8 37. Rd7 Na5 38. Rxb7 Nxb7 39. Nxe6 Kf7 40. Nc7 Nd6 41. Nd5 a5 42. Ne3 g6 43. Nc4 Nxc4 44. bxc4 Ke6 45. Ke3 Ke5 46. a4 Kd6 47. f4 Ke6 48. f5+ gxf5 49. exf5+ Ke5 50. h3 Kd6 51. Ke4 Kc6 52. Kf3 Kd6 53. Kg3 Ke5 54. h4 gxh4+ 55. Kxh4 Ke4 56. Kh5 Kd4 57. g5 fxg5 58. f6 Kxc4 59. f7 Kb3 60. f8Q c4 61. Qf1 c3 62. Qc1 c2 63. Kxg5 Kxa4 64. Qxc2+ Ka3 65. Qc1+ Kb3 66. Qb1+ Ka3 67. Qa1+ 1-0

[Event "Kiel op-B 26th"]
[Site "Kiel"]
[Date "2013.07.31"]
[Round "7"]
[White "Wenske, Hardy"]
[Black "Behrendt, Matthias"]
[Result "0-1"]
[WhiteElo "1779"]
[BlackElo "1516"]
[PlyCount "120"]
[EventDate "2013.07.27"]
[EventType "swiss"]
[EventRounds "9"]
[EventCountry "GER"]
[SourceTitle "EXT 2018"]
[Source "ChessBase"]
[SourceDate "2017.10.13"]
[SourceVersion "1"]
[SourceVersionDate "2017.10.13"]
[SourceQuality "1"]

1. Nf3 b6 2. d4 e6 3. e3 Nf6 4. Bd3 d5 5. Nbd2 Bb7 6. 0-0 Nbd7 7. Re1 Rc8 8. Qe2 Ne4 9. Ba6 Rb8 10. Bxb7 Rxb7 11. Qb5 Bd6 12. Qc6 Rb8 13. Nxe4 dxe4 14. Qxe4 0-0 15. Bd2 Nf6 16. Qd3 c6 17. e4 Be7 18. Rad1 h6 19. Ne5 Qc8 20. Qh3 Kh7 21. Bf4 Bd6 22. g4 Ng8 23. g5 Bxe5 24. Bxe5 Rb7 25. gxh6 Nxh6 26. Bf4 Rg8 27. Rd3 f6 28. Rg3 g5 29. Bd2 Rbg7 30. Kh1 Qe8 31. Reg1 Qg6 32. f3 Qe8 33. Qg2 Rh8 34. Qe2 Kg8 35. f4 g4 36. Kg2 f5 37. e5 Nf7 38. Kf1 Rgh7 39. R1g2 Nd8 40. Qc4 Rxh2 41. Kf2 Qe7 42. Ke3 Rxg2 43. Rxg2 Rh3+ 44. Ke2 Qh4 45. Be1 Qh5 46. Kd1 Re3 47. Qf1 Rf3 48. Qg1 g3 49. Kc1 Qg4 50. Bxg3 Kf7 51. Bh2 Qh4 52. Rg7+ Kf8 53. Rg8+ Ke7 54. Qg7+ Nf7 55. Qf8+ Kd7 56. Qxf7+ Qe7 57. Qh5 Rf1+ 58. Kd2 Qb4+ 59. c3 Qxb2+ 60. Kd3 Qb1+ 0-1

[Event "Schleswig Holstein-ch H 63rd"]
[Site "Gross Groenau"]
[Date "2008.03.19"]
[Round "6"]
[White "Behrendt, Matthias"]
[Black "Luckow, Hans Juergen"]
[Result "1/2-1/2"]
[WhiteElo "1407"]
[BlackElo "1740"]
[PlyCount "143"]
[EventDate "2008.03.15"]
[EventType "swiss"]
[EventRounds "9"]
[EventCountry "GER"]
[SourceTitle "EXT 2010"]
[Source "ChessBase"]
[SourceDate "2010.11.25"]
[SourceVersion "1"]
[SourceVersionDate "2010.11.25"]
[SourceQuality "1"]

1. e4 c5 2. Nf3 Nc6 3. Nc3 d6 4. Be2 Bg4 5. h3 Bh5 6. b3 Nf6 7. Bb2 a6 8. d3 e6 9. Qd2 b5 10. a3 Be7 11. Nd1 a5 12. Ne3 0-0 13. 0-0 Qb6 14. Nh2 Bxe2 15. Qxe2 Rad8 16. Nhg4 Nd4 17. Qd1 Nh5 18. Nh6+ gxh6 19. Qxh5 Kh8 20. f4 Bf6 21. Kh1 Bg7 22. Ng4 f5 23. Nxh6 Qc7 24. Rf2 Rf6 25. Nxf5 exf5 26. Bxd4 cxd4 27. exf5 Qf7 28. Qxf7 Rxf7 29. g4 Re8 30. Kg2 h5 31. Kf1 h4 32. Re1 Re3 33. Rxe3 dxe3 34. Re2 Bd4 35. Kg2 Kg7 36. Kf3 d5 37. c3 Bxc3 38. Rxe3 Bb2 39. a4 bxa4 40. bxa4 Rb7 41. Re2 Kf7 42. g5 Rb4 43. Kg4 Bc1 44. g6+ Kf8 45. Rf2 Rxa4 46. f6 Rxf4+ 47. Rxf4 Bxf4 48. Kxf4 a4 49. Ke5 a3 50. Ke6 a2 51. g7+ Kg8 52. Ke7 a1Q 53. f7+ Kxg7 54. f8Q+ Kg6 55. Qg8+ Kf5 56. Qe6+ Kf4 57. Qh6+ Kf3 58. Qh5+ Ke3 59. Qxd5 Qg7+ 60. Qf7 Qg5+ 61. Qf6 Qc5+ 62. Kf7 Qh5+ 63. Qg6 Qf3+ 64. Kg7 Qxh3 65. Qe4+ Kd2 66. Kf6 Qg3 67. d4 h3 68. d5 Qc3+ 69. Kf5 Qd3 70. Qxd3+ Kxd3 71. d6 h2 72. d7 1/2-1/2

[Event "Schleswig Holstein-ch H 63rd"]
[Site "Gross Groenau"]
[Date "2008.03.18"]
[Round "5"]
[White "Rehder, Andrea"]
[Black "Behrendt, Matthias"]
[Result "1/2-1/2"]
[WhiteElo "1511"]
[BlackElo "1407"]
[PlyCount "68"]
[EventDate "2008.03.15"]
[EventType "swiss"]
[EventRounds "9"]
[EventCountry "GER"]
[SourceTitle "EXT 2010"]
[Source "ChessBase"]
[SourceDate "2010.11.25"]
[SourceVersion "1"]
[SourceVersionDate "2010.11.25"]
[SourceQuality "1"]

1. e4 e5 2. Nf3 Nc6 3. d4 exd4 4. Nxd4 Nge7 5. Bc4 Nxd4 6. Qxd4 Nc6 7. Qd5 Qf6 8. 0-0 Nb4 9. Qd1 Be7 10. Nc3 0-0 11. a3 Nc6 12. Nd5 Qd6 13. Bf4 Ne5 14. Qh5 g5 15. Bg3 c6 16. Nxe7+ Qxe7 17. Bb3 Ng6 18. Rad1 Qxe4 19. Qxg5 Re8 20. h4 d5 21. h5 Qg4 22. Qh6 Ne7 23. Rde1 Bd7 24. Be5 Nf5 25. Qf6 Qg7 26. Qxg7+ Nxg7 27. h6 Nf5 28. Bf4 Re6 29. Rxe6 fxe6 30. c3 Rf8 31. Bc2 Rf6 32. Bxf5 Rxf5 33. Be3 a6 34. Bd4 e5 1/2-1/2

[Event "Schleswig Holstein-ch B 62nd"]
[Site "Itzehoe"]
[Date "2007.04.05"]
[Round "8"]
[White "Behrendt, Matthias"]
[Black "Millgramm, Stephan"]
[Result "1-0"]
[WhiteElo "1428"]
[BlackElo "1630"]
[PlyCount "43"]
[EventDate "2007.03.31"]
[EventType "swiss"]
[EventRounds "9"]
[EventCountry "GER"]
[SourceTitle "EXT 2010"]
[Source "ChessBase"]
[SourceDate "2010.11.25"]
[SourceVersion "1"]
[SourceVersionDate "2010.11.25"]
[SourceQuality "1"]

1. e4 e6 2. d4 b5 3. Bxb5 Bb7 4. Nc3 Bb4 5. f3 Qh4+ 6. g3 Qh5 7. Qd3 f5 8. exf5 Nf6 9. Bd2 0-0 10. fxe6 Bxc3 11. bxc3 Ng4 12. Qe2 Nh6 13. 0-0-0 Re8 14. Re1 Rxe6 15. Qc4 Bd5 16. Qxc7 Rxe1+ 17. Bxe1 Bxf3 18. Nxf3 Qxf3 19. Qd8+ Qf8 20. Bc4+ Nf7 21. Qxf8+ Kxf8 22. Rf1 1-0

[Event "Schleswig Holstein-ch B 62nd"]
[Site "Itzehoe"]
[Date "2007.04.02"]
[Round "3"]
[White "Schramm, Fynn"]
[Black "Behrendt, Matthias"]
[Result "1-0"]
[WhiteElo "1646"]
[BlackElo "1428"]
[PlyCount "95"]
[EventDate "2007.03.31"]
[EventType "swiss"]
[EventRounds "9"]
[EventCountry "GER"]
[SourceTitle "EXT 2010"]
[Source "ChessBase"]
[SourceDate "2010.11.25"]
[SourceVersion "1"]
[SourceVersionDate "2010.11.25"]
[SourceQuality "1"]

1. e4 e5 2. Nf3 Nc6 3. Bb5 a6 4. Ba4 b5 5. Bb3 Nf6 6. d3 h6 7. Be3 Bb7 8. a3 Be7 9. Nc3 d6 10. 0-0 0-0 11. Qd2 Ng4 12. Nd5 Nxe3 13. fxe3 Qd7 14. Qf2 Nd8 15. Nxe7+ Qxe7 16. Nh4 Ne6 17. Nf5 Qg5 18. Qf3 Kh7 19. h4 Qf6 20. Qh3 Bc8 21. Qh2 g5 22. Nxd6 Qg6 23. h5 Qg7 24. Nxc8 Raxc8 25. Rf5 g4 26. Qxe5 Qxe5 27. Rxe5 Ng5 28. Rf5 c5 29. Bd5 Kg7 30. Bb7 Rb8 31. Bd5 c4 32. d4 Rbd8 33. Raf1 Rd7 34. R1f4 g3 35. Rg4 f6 36. Rxg3 Rd6 37. Rg4 Kh7 38. Rgf4 a5 39. b3 c3 40. b4 axb4 41. axb4 Kg7 42. Bb3 Re8 43. Rxb5 Nxe4 44. Rg4+ Ng5 45. Kf2 Rd7 46. Rc5 Kh7 47. Ba4 Ne4+ 48. Rxe4 1-0